000 00372nam a2200145Ia 4500
008 191201s2018 xx 000 0 und d
082 _a614.1 SAP
100 _aSAMBATH KUMAR, S
245 0 _aPharmaceutical jurisprudence
260 _bSathya Pub
_aNew Delhi
_c2018
300 _a240
650 _aPharmaceutical Jurisprudence
700 _aMURUGESH, S
942 _2ddc
_cBK
999 _c8247
_d8247